000 00300nam a22001337a 4500
008 170308b xxu||||| |||| 00| 0 eng d
020 _a0443066175
041 _aeng
080 _23RD
_a611
100 _a6
101 _aSHM
245 _aJOINT REPLACEMENT ARTHROPLASTY
_cMORREY, B.F
942 _2udc
_cBK
999 _c7059
_d7059